Degradation of metals in the atmosphere : a symposium sponsored by ASTM Committee G-1 on Corrosion of Metals, Philadelphia, PA, 12-13 May 1986 /

Saved in:
Bibliographic Details
Corporate Authors: American Society for Testing and Materials. Committee G-1 on Corrosion of Metals, Symposium on Degradation of Metals in the Atmosphere
Other Authors: Dean, S. W., Lee, T. S. (Thaddeus Shuptrine), 1948-
Format: Conference Proceeding Book
Language:English
Published: Philadelphia, PA : ASTM, c1987.
Series:ASTM special technical publication ; 965
Subjects:
LEADER 01609cam a2200361 a 4500
001 c000266570
003 CARM
005 20070808125646.0
008 871104s1987 paua b 101 0 eng
010 |a 87033261 
019 1 |a 5623591  |5 LACONCORD2021 
020 |a 0803109660 
035 |a (OCoLC)17104520  |5 LACONCORD2021 
040 |a DLC  |b eng  |c DLC  |d DLC 
050 0 0 |a TA462  |b .D37 1987 
082 0 0 |a 620.1/623  |2 19 
082 0 4 |a 620.1/623  |2 19 
245 0 0 |a Degradation of metals in the atmosphere :  |b a symposium sponsored by ASTM Committee G-1 on Corrosion of Metals, Philadelphia, PA, 12-13 May 1986 /  |c Sheldon W. Dean and T. S. Lee, editors. 
260 |a Philadelphia, PA :  |b ASTM,  |c c1987. 
300 |a 441 p. :  |b ill. ;  |c 24 cm. 
440 0 |a ASTM special technical publication ;  |v 965 
500 |a Proceedings of the Symposium on Degradation of Metals in the Atmosphere. 
500 |a "ASTM publication code number (PCN) 04-965000-27." 
504 |a Includes bibliographies and indexes. 
650 0 |a Corrosion and anti-corrosives  |v Congresses. 
650 0 |a Metals  |v Congresses. 
700 1 |a Dean, S. W. 
700 1 |a Lee, T. S.  |q (Thaddeus Shuptrine),  |d 1948- 
710 2 |a American Society for Testing and Materials.  |b Committee G-1 on Corrosion of Metals. 
711 2 |a Symposium on Degradation of Metals in the Atmosphere  |d (1986 :  |c Philadelphia, Pa.) 
852 8 |b CARM  |h A1:AN17G0  |i B08595  |p 0383624  |f BK 
999 f f |i 1bbfce62-b4d0-5e78-b426-1d24350b9d33  |s d09adc82-28be-5e9d-a02d-fe8ad2a83f1f 
952 f f |p Can circulate  |a CAVAL  |b CAVAL  |c CAVAL  |d CARM 1 Store  |e B08595  |f A1:AN17G0  |h Other scheme  |i book  |m 0383624